| 000 | 00878cam a22002651 4500 | ||
|---|---|---|---|
| 001 | 20244 | ||
| 003 | BD-RjUL | ||
| 005 | 20211209000535.0 | ||
| 008 | 140227s1961 caua b 001 0 eng | ||
| 035 | _a(BD-RjUL)20306 | ||
| 040 |
_aDLC _cDLC _dDLC _dBD-RjUL _beng |
||
| 041 | _aeng | ||
| 082 | 0 | 0 |
_a575.1 _bSTG 1961 |
| 100 | 1 |
_aSturtevant, A. H. _q(Alfred Henry), _d1891-1970. _938286 |
|
| 245 | 1 | 0 |
_aGenetics and evolution, selected papers of A. H. Sturtevant / _cSelected and edited by E. B. Lewis. With a foreword by G. W. Beadle. |
| 260 |
_aSan Francisco : _bW. H. Freeman, _cc1961. |
||
| 300 |
_ax, 334 p. : _billus. ; _c25 cm. |
||
| 504 | _aIncludes bibliography and index. | ||
| 650 | 0 |
_aGenetics. _962400 |
|
| 650 | 0 |
_aEvolution (Biology) _962401 |
|
| 700 | 1 |
_aLewis, Edward B., _d1918-2004. _962402 |
|
| 942 |
_2ddc _cBK |
||
| 999 |
_c20244 _d20244 |
||